| 000 | 00445nam a2200169 4500 | ||
|---|---|---|---|
| 001 | 45003 | ||
| 090 | _a45003 | ||
| 100 | _a20251022 pory50 | ||
| 101 |
_apor _aing |
||
| 102 | _aPT | ||
| 200 |
_aUm quente Agosto _frealiz. John Wells _gAct.s Meryl Streep , Julia Roberts , .... [et al.] |
||
| 210 |
_a[S.l.] _cdist. Nos Audiovisuais _d2014 |
||
| 215 | _a1 DVD | ||
| 300 | _a116 m. M/16 | ||
| 675 | _a82-341 | ||
| 801 |
_aPT _gRPC |
||
| 990 | _cFILMES DVD | ||